000 00604nam a2200229Ia 4500
003 OSt
005 20220924141906.0
006 a|||||r|||| 00| 0
007 ta
008 220923b |||||||| |||| 00| 0 ben d
024 _a299686
037 _cTextual
040 _aARTS
_cARTS
_bben
041 _2ben
_aben
082 _aP157:4k, P2
100 _aKaran Sudhir Kumar
_9212672
245 0 _aSimantararhi o jharkhandi banlar gramin sabdakosa
260 _c2002
650 _aBENGALI LITERATURE
942 _hP157:4k, P2
_cTEXL
_2CC
999 _c448607
_d448607